000 00813nam a2200253Ia 4500
003 OSt
005 20220918170242.0
006 a|||||r|||| 00| 0
007 ta
008 220917b |||||||| |||| 00| 0 eng d
020 _a978 936 86392 75 6 (hbk)
_cINR 695.00
024 _a328,319
037 _b367, 09/03/2018, Classic Book Service
_cTextual
040 _aARTS
_cARTS
_beng
041 _2eng
_aeng
082 _aNT44:(Y15), Q7
100 _aLata Singh Au.
_927903
245 0 _aRaising the curtain
_b recasting women performers in India
260 _aHyderabad
_bOrient Blackswan India
_c2017
300 _axxi,186p.
_ccm.
650 _aTHEATER; WOMEN
_927904
942 _hNT44:(Y15), Q7
_cTEXL
_2CC
999 _c133259
_d133259